000 05333cam a2200913 i 4500
001 22143341
003 OSt
005 20231007161632.0
008 210720t20222022nyu d 000 f eng c
010 _a 2021943460
020 _a9780385547932
_q(hardcover)
020 _a0385547935
_q(hardcover)
020 _a9780385548410
_q(open market)
020 _a0385548419
_q(open market)
020 _z9780385547949
_q(eBook)
035 _a(OCoLC)on1290393447
037 _bRandom House Inc, Attn Order Entry 400 Hahn rd, Westminster, MD, USA, 21157
_nSAN 201-3975
040 _aNjBwBT
_beng
_erda
_cKNJ
_dOCLCQ
_dOCO
_dRNL
_dYDX
_dBDX
_dLJW
_dLIV
_dORX
_dIMT
_dILC
_dYU6
_dHQD
_dEAU
_dCDX
_dUAB
_dOCLCO
_dTCH
_dMND
_dOCLCF
_dQGQ
_dPAU
_dWLM
_dYXF
_dFMA
_dZ#6
_dOCLCO
_dNRC
_dS1C
_dOCLCO
_dCBA
_dOCLCO
_dGYG
_dDGU
_dDLC
042 _apcc
043 _an-us-ny
_an-us---
050 0 0 _aPS3625.A674
_bT6 2022
082 _a813.6
_bYAN/P
084 _a18.06
_2bcl
100 1 _aYanagihara, Hanya
_eauthor.
_99710
245 1 0 _aTo paradise /
_cHanya Yanagihara.
250 _aFirst edition.
264 1 _aNew York :
_bDoubleday,
_c[2022]
264 4 _c©2022
300 _a708 pages ;
_c25 cm
336 _atext
_btxt
_2rdacontent
337 _aunmediated
_bn
_2rdamedia
338 _avolume
_bnc
_2rdacarrier
370 _iSetting:
_fGreenwich Village (New York, N.Y.)
_2naf
_4stg
380 _aBook
_2tlcgt
385 _aGeneral
_2tlctarget
386 _mGender group:
_ngdr
_aWomen
_2lcdgt
386 _mNationality/regional group:
_nnat
_aAmericans
_2lcdgt
386 _mOccupational/field of activity group:
_nocc
_aNovelists
_2lcsh
500 _aMaps on end papers.
505 0 0 _tWashington square --
_tLipo-Wao-Nahele --
_tZone Eight.
520 _aSpanning three centuries and three different versions of the American experiment, an unforgettable cast of characters are united by their reckonings with the qualities that make us human--fear, love, shame, need, and loneliness.
520 _a"In an alternate version of 1893 America, New York is part of the Free States, where people may live and love whomever they please (or so it seems). The fragile young scion of a distinguished family resists betrothal to a worthy suitor, drawn to a charming music teacher of no means. In a 1993 Manhattan besieged by the AIDS epidemic, a young Hawaiian man lives with his much older, wealthier partner, hiding his troubled childhood and the fate of his father. And in 2093, in a world riven by plagues and governed by totalitarian rule, a powerful scientist's damaged granddaughter tries to navigate life without him--and solve the mystery of her husband's disappearances. These three sections are joined in an enthralling and ingenious symphony, as recurring notes and themes deepen and enrich one another: A townhouse in Washington Square Park in Greenwich Village; illness, and treatments that come at a terrible cost; wealth and squalor; the weak and the strong; race; the definition of family, and of nationhood; the dangerous righteousness of the powerful, and of revolutionaries; the longing to find a place in an earthly paradise, and the gradual realization that it can't exist. What unites not just the characters, but these Americas, are their reckonings with the qualities that make us human: Fear. Love. Shame. Need. Loneliness''--Dust jacket flap.
561 _5DLC
650 0 _aGay men
_vFiction.
650 0 _aAmerican Dream
_vFiction.
650 6 _aHomosexuels masculins
_vRomans, nouvelles, etc.
650 6 _aRêve américain
_vRomans, nouvelles, etc.
650 7 _aFICTION / Literary.
_2bisacsh
650 7 _aFICTION / Dystopian.
_2bisacsh
650 7 _aFICTION / Asian American.
_2bisacsh
650 7 _aAmerican Dream.
_2fast
_0(OCoLC)fst01738531
650 7 _aGay men.
_2fast
_0(OCoLC)fst00939117
650 7 _aRace relations.
_2fast
_0(OCoLC)fst01086509
650 7 _aGay men
_vFiction.
_2sears
651 0 _aNew York (N.Y.)
_vFiction.
651 0 _aUnited States
_xRace relations
_vFiction.
651 6 _aÉtats-Unis
_xRelations raciales
_vRomans, nouvelles, etc.
651 7 _aNew York (State)
_zNew York.
_2fast
_0(OCoLC)fst01204333
651 7 _aUnited States.
_2fast
_0(OCoLC)fst01204155
651 7 _aNew York (N.Y.)
_vFiction.
_2sears
655 0 _aAlternative histories (Fiction)
655 0 _aDystopian fiction.
655 2 _aFictional Work
655 7 _aAlternative histories (Fiction)
_2fast
_0(OCoLC)fst01921576
655 7 _aDystopian fiction.
_2fast
_0(OCoLC)fst01921637
655 7 _aFiction.
_2fast
_0(OCoLC)fst01423787
655 7 _aNovels.
_2fast
_0(OCoLC)fst01921742
655 7 _aAlternative histories (Fiction)
_2gsafd
655 7 _aDystopias.
_2gsafd
655 7 _aAlternative histories (Fiction)
_2lcgft
655 7 _aDystopian fiction.
_2lcgft
655 7 _aNovels.
_2lcgft
655 7 _aEndpapers (Binding)
_2rbbin
_5PPA
655 7 _aRomans.
_2rvmgf
710 2 _aGene Berry and Jeffrey Campbell Collection (Library of Congress)
_5DLC
906 _a7
_bcbc
_cpccadap
_d2
_encip
_f20
_gy-gencatlg
942 _2ddc
_cBK
_h813.6
_iYAN/P
_k813.6
_mYAN/P
999 _c42594
_d42594